[Event "Bad Zwesten op 3rd"]
[Site "Bad Zwesten"]
[Date "1999.01.04"]
[Round "4"]
[White "Sokolov, Ewgeni"]
[Black "Lautier, Joel"]
[Result "0-1"]
[WhiteElo "2360"]
[BlackElo "2596"]
[Annotator "Lautier,J"]
[PlyCount "98"]
[EventDate "1999.01.??"]
[EventType "swiss"]
[EventRounds "9"]
[EventCountry "GER"]
[SourceTitle "CBM 070"]
[Source "ChessBase"]
[SourceDate "1999.06.08"]
[SourceVersion "1"]
[SourceVersionDate "1999.06.08"]
[SourceQuality "1"]

1. d4 d5 2. Nc3 Nf6 3. Bg5 Nbd7 4. Nf3 g6 5. e3 Bg7 6. Be2 $6 (6. Bd3 $142)
6... O-O 7. O-O c6 $5 (7... b6 8. Ne5 Bb7 9. f4 $5) 8. h3 {/\ Bf4, Ne5} b6 {
[%cal Gc8b7,Gc6c5] /\ Bb7, c5} (8... b5 9. Bf4 {/\ Ne5} (9. a4 b4 10. Na2 a5
11. c3 bxc3 12. bxc3 {/\ c4} (12. Nxc3 Ba6 $15 {[%csl Rb2] >< b2}) 12... c5 $15
)) 9. Bf4 Bb7 10. Re1 c5 11. Ne5 a6 $1 {[%csl Gb5][%cal Gb6b5] /\ b5} (11... e6
$6 12. Nb5 $132 {[%csl Rc7,Rd6]}) 12. a4 {[%csl Rb5]} Rc8 (12... e6 $5 13. Nxd7
Nxd7 (13... Qxd7 $6 14. Be5) 14. a5 $140 $6 b5 15. Bd6 Re8 16. dxc5 Rc8 $15)
13. Bf3 e6 14. Qe2 Qe7 {[%csl Re5][%cal Gf8d8,Gf6e8] /\ Rfd8, Ne8} 15. Na2 $1
Rfd8 (15... h6 16. c3 $132 (16. c4 $2 Nxe5 17. Bxe5 dxc4 18. Bxb7 Qxb7 19. Qxc4
cxd4 20. Qxd4 Rfd8 $17)) 16. Bg5 (16. c3 Ne8 17. Nxd7 Qxd7 $15 (17... Rxd7 $15)
) 16... h6 (16... Qd6 17. Bf4 (17. Nxd7 Qxd7 $15) 17... Qf8 18. c3 (18. Bg5 Re8
$5) 18... Ne8 19. Nxd7 Rxd7 20. Nc1 $132) 17. Bh4 Nf8 $1 {[%cal Gf8h7,Gh7g5] /
\ N8h7-g5} (17... g5 18. Bg3 Ne4 (18... Ne8 19. Nxd7 Qxd7 20. c3 Qxa4 21. Nb4
Qb5 (21... Qd7 22. Nxa6 $11) 22. Nxa6 Qxe2 23. Bxe2 $11) 19. Bxe4 Nxe5 20. dxe5
dxe4 21. Rad1 Qc7 22. Rd6 Rxd6 23. exd6 Qd7 24. Nc3 $13) 18. c3 N8h7 19. a5 $1
b5 (19... bxa5 $6 20. dxc5 Qxc5 21. Nc1 $13) 20. Nd3 (20. b4 $142 c4 $15 (20...
cxb4 21. cxb4 Ng5 22. Nd3 $11)) 20... c4 21. Nc5 $6 (21. Ne5 $142 Ng5 22. Nb4)
21... Rxc5 $1 22. dxc5 Qxc5 $6 (22... e5 $142 {/\ e4} 23. Qd2 Qxc5 $17) 23. Bg3
$1 {[%cal Gg3e5] /\ Be5} Nd7 24. Nb4 Ng5 25. h4 Nxf3+ 26. Qxf3 Qe7 {[%csl Rh4]
[%cal Gd7c5,Re7h4] >< h4, /\ Nc5} 27. h5 g5 {[%csl Rh5] >< h5} 28. Bc7 Rc8 29.
Qg3 e5 30. Bb6 Qe6 31. Red1 Nf6 (31... Ra8 {/\ Nb6, a5, Qb6} 32. Qf3 (32. Bc7
$2 Nc5 $17) 32... Nxb6 $140 $2 33. axb6 a5 $2 34. Nxd5 $1 e4 35. Qf5 $1 $18)
32. f4 $4 $138 (32. Qh3 g4 33. Qh4 Qf5 $17 {[%cal Gg8h7,Gc8g8,Gg7f8] /\ Kh7,
Rg8, Bf8->}) 32... gxf4 $19 33. Qh4 (33. exf4 Nxh5 $19) 33... fxe3 34. Bxe3 Ng4
35. Bb6 f5 36. Rd2 Bf6 37. Qh3 Bg5 (37... d4 $5 38. cxd4 exd4 39. Bxd4 Rd8 40.
Nc2 Be4 41. Qc3 Qd6 $19) 38. Re2 Rf8 39. Rae1 Qd6 $1 {[%csl Rb4][%cal Gd5d4] /
\ d4} 40. Nc2 Bc8 $1 {[%cal Gf5f4,Rc8h3] /^c8-h3} 41. Rd1 f4 42. Qf3 e4 43.
Qxe4 (43. Rxe4 dxe4 44. Qxg4 Qxb6+ $19) 43... Qxb6+ 44. axb6 dxe4 45. Rxe4 Bf5
46. Rdd4 (46. Re2 Bxc2 47. Rxc2 Ne3 $19) 46... Bxe4 47. Rxe4 Rb8 48. Re6 Kf7
49. Nd4 f3 $1 (49... f3 50. Kf1 Be3 $1 $19 {[%cal Re3d4,Rg4h2] /\ Bd4, /\ Nh2})
0-1

[Event "Lippstadt 12th"]
[Site "Lippstadt"]
[Date "2004.07.29"]
[Round "6"]
[White "Buhmann, Rainer"]
[Black "Brenke, Andreas"]
[Result "1-0"]
[WhiteElo "2532"]
[BlackElo "2379"]
[Annotator "Marin,M"]
[PlyCount "129"]
[EventDate "2004.07.24"]
[EventType "tourn"]
[EventRounds "9"]
[EventCountry "GER"]
[EventCategory "10"]
[SourceTitle "CBM 103"]
[Source "ChessBase"]
[SourceDate "2004.11.11"]
[SourceVersion "1"]
[SourceVersionDate "2004.11.11"]
[SourceQuality "1"]

1. d4 Nf6 2. Nc3 d5 3. Bg5 Nbd7 4. Qd2 h6 5. Bh4 e6 6. e4 Nxe4 7. Bxd8 Nxd2 8.
Bxc7 Nxf1 9. Kxf1 b6 10. Nge2 Ba6 11. Bf4 Rc8 12. f3 Bb4 13. Kf2 Bxe2 14. Nxe2
Ke7 15. c3 Bd6 16. a4 a6 17. h4 h5 18. Rhe1 Bxf4 19. Nxf4 Kd6 20. Nd3 g6 21.
Ke3 Rcg8 22. Re2 Rc8 23. Rc2 f6 24. Rd1 a5 25. Nf4 g5 26. hxg5 fxg5 27. Nd3
Rhe8 28. Kf2 e5 29. dxe5+ Nxe5 30. Nxe5 Rxe5 31. Rd4 Rc4 32. b3 Rxd4 33. cxd4
Re8 34. Rc3 Kd7 35. Rc1 Re6 36. Rh1 Rh6 37. Kg3 Kd6 38. Rc1 Kd7 39. Rh1 Ke6 40.
Kf2 Kd7 41. g3 Kd6 {The force of an outside passed pawn matched by the enemy
king's activity. In the long run, Black's outside passed h-pawn could become
dangerous. Therefore White decides to force the events on this side of the
board before it becomes too late. Die Kraft eines Randfreibauern, aufgewogen
durch die Aktivität des feindlichen Königs. Langfristig könnte der freie
h-Bauer des Schwarzen gefährlich werden. Daher beschließt Weiß, die Ereignisse
auf dieser Brettseite zu forcierten, bevor es zu spät ist.} 42. f4 (42. g4 h4
43. f4 {is another way of reaching the game position. führt ebenfalls zur
Partiestellung.}) 42... gxf4 (42... g4 {is bad because it blocks the position
in a favorable way for White. At least two ways lead to Rome here: ist
schlecht, da die Stellung auf günstige Weise für Weiß blockiert wird.
Mindestens zwei Wege führen hier nach Rom:} 43. f5 (43. Re1 h4 44. gxh4 Rxh4
45. Kg3 Rh3+ 46. Kxg4 Rxb3 47. f5 Rb4 48. f6 Rxd4+ 49. Kf5 Rd2 (49... Re4 50.
Rxe4 dxe4 51. Kg6 $18) 50. f7 Rf2+ 51. Kg6 Rg2+ 52. Kh7 Rh2+ 53. Kg8 Rg2+ 54.
Kf8 Kd7 (54... d4 55. Ke8 Rf2 56. f8=Q+ Rxf8+ 57. Kxf8 Kc5 58. Rb1 d3 59. Rb5+
Kd4 60. Rxb6 d2 61. Rd6+ Kc3 62. Ke7 $18) (54... Rc2 55. Rg1 Rf2 56. Kg7 Kc5
57. Rg6 b5 58. axb5 Kxb5 59. Rf6 Rg2+ 60. Kh6 Rh2+ 61. Kg5 Rh8 62. f8=Q Rxf8
63. Rxf8 $18) 55. Re7+ Kd8 56. Re5 Rd2 (56... d4 57. Rd5+ $18) 57. Kg7 (57. Rf5
$5) 57... Rg2+ 58. Kf6 Rf2+ 59. Ke6 d4 60. Rd5+ Kc7 61. Rf5 $18) 43... Rh8 (
43... Ke7 44. Ke3 Kf6 45. Kf4 Rh8 46. Rc1 h4 47. Rc6+ Kg7 48. gxh4 Rxh4 49. Kg5
) 44. Ke3 Re8+ 45. Kf4 (45. Kd3 Rh8) 45... Re4+ 46. Kg5 Rxd4 47. f6 Rd3 48. f7
Ke7 49. Kg6 $18) 43. g4 $1 {An interesting way of changing the character of
the position. Ein interessanter Weg, den Charakter der Stellung zu verändern.}
({Nach} 43. gxf4 h4 {leaves White with serious problems, because the h-pawn is
more dangerous than the f-pawn. hat Weiß ernste Probleme, da der h-Bauer
gefährlicher ist als der f-Bauer.} 44. Kf3 (44. f5 Ke7 45. Re1+ Kf6 46. Re6+ (
46. Re5 Rh5 {is similar ist ähnlich}) 46... Kg5 47. Re5 Rf6 {and White is in
trouble because the pawn ending arising after und Weiß ist in Schwierigkeiten,
denn das Bauernendspiel nach} 48. Rxd5 Rxf5+ 49. Rxf5+ Kxf5 {is hopeless for
him. ist hoffnungslos für ihn.}) (44. Rh3 Ke6 45. Kf3 Kf5) 44... Ke6 45. Kg4
Rg6+ $1 {followed by Kf5 nebst}) 43... h4 44. Kf3 {Black's material advantage
is only temporary. White's main achievement compared with the previous line is
that his passed pawn is one file further from the center and from the opposite
wing. Der schwarze Materialvorteil ist nur vorübergehend. Die wichtigste
Errungenschaft des Weißen im Vergleich zum Abspiel oben besteht darin, dass
sein Freibauer ein Feld weiter vom Zentrum und vom anderen Flügel entfernt ist.
} h3 $2 {A fatal mistake, exposing too much Black's pride, the h-pawn. Correct
would have been Ein fataler Fehler, der den ganzen Stolz des Schwarzen, den
h-Bauern, zu sehr exponiert. Korrekt gewesen wäre} (44... Ke6 45. Kxf4 Rh8 (
45... Kf6 $4 46. g5+) 46. g5 (46. Re1+ $2 Kf6 47. g5+ Kg6 48. Re6+ Kh5 $17) (
46. Rh3 $2 Kf6 47. g5+ Kg6 48. Kg4 Re8 $1 49. Rxh4 Re4+ 50. Kg3 Kxg5 $1 $17) (
46. Kg5 Rg8+ 47. Kf4 $11) (46. Rh2 Kf6 47. Rc2 h3 48. Kg3 Kg5 49. Rh2 Rh4 $17)
46... h3 47. Kg3 Kf5 (47... h2 48. Rxh2 Rxh2 49. Kxh2 Kf5 50. Kg2 Kxg5 51. Kg3)
48. Rxh3 Rxh3+ 49. Kxh3 Kxg5 50. Kg3 $11 {with a draw mit Remis.}) 45. Kxf4 h2
46. Kg3 Re6 47. Rxh2 Re4 48. Rh6+ Kc7 49. g5 Rxd4 50. g6 {Although Black has
re-established material equality, parts are completely reversed now. It is
White who has an outside passed pawn. Obwohl Schwarz das materielle
Gleichgewicht wiederhergestellt hat, sind die Rollen jetzt vollkommen
vertauscht. Es ist Weiß, der einen entfernten Freibauern besitzt.} Rd3+ 51. Kf4
Rd1 52. Rh3 Rf1+ 53. Rf3 Re1 54. g7 Re8 55. Rg3 {Once the rook has taken its
place behind the pawn, things are easy. Nachdem der Turm erstmal seinen Platz
hinter dem Bauern eingenommen hat, ist der Rest einfach.} Rg8 56. Ke5 Kc6 57.
Kd4 Kd6 58. Rg6+ Ke7 59. Kxd5 Kf7 60. Rg3 Rd8+ 61. Kc6 Kg8 62. Kxb6 Rd5 63. Rc3
Kxg7 64. Rc5 Rd3 65. Rb5 1-0

[Event "EU-ch (Women) 15th"]
[Site "Plovdiv"]
[Date "2014.07.10"]
[Round "5"]
[White "Kashlinskaya, Alina"]
[Black "Videnova, Iva"]
[Result "1-0"]
[WhiteElo "2441"]
[BlackElo "2315"]
[Annotator "Mikhalchishin,A"]
[PlyCount "51"]
[EventDate "2014.07.06"]
[EventType "swiss"]
[EventRounds "11"]
[EventCountry "BUL"]
[SourceTitle "CBM 162"]
[Source "ChessBase"]
[SourceDate "2014.09.17"]
[SourceVersion "1"]
[SourceVersionDate "2014.09.17"]
[SourceQuality "1"]

1. d4 Nf6 2. Nc3 d5 3. Bf4 g6 4. Qd2 Bg7 5. Bh6 $5 {This is a very aggressive
way to avoid the Grünfeld. Such an attacking player as Kurt Richter even used
it against the father of the opening!} O-O ({In my opinion not castling is
even worse:} 5... Bxh6 6. Qxh6 c5 7. e3 (7. dxc5 {Finkel,A: 'The whole line is
quite harmless for Black, so this move is not an exception.'} Qa5 8. e3 (8.
O-O-O Nc6 9. Nf3 Qxc5 10. e3 Bg4 11. Be2 (11. Qf4 Bxf3 12. gxf3 O-O 13. h4 Nh5
14. Qg5 e6 15. Rg1 Kh8 16. f4 Qe7 $13 {Boguszlavszkij,J-Gyorkos,L/Hungary 2002}
) 11... O-O-O 12. h3 Bxf3 13. Bxf3 d4 {Black is trying to simplify the
position by initiating multiple trades.} 14. exd4 Nxd4 15. Qe3 Ne6 (15... Rd7
16. Rd3 Rhd8 17. Rhd1 h5 18. g3 Ne6 19. Qxc5+ Nxc5 20. Rxd7 Rxd7 21. Re1 $11)
16. Qxc5+ Nxc5 {White is better at the end of this line after b2-b4. Stocek,J 
(2552)-Jansa,V (2477)/Karlovy Vary 2004}) 8... Qxc5 (8... Bf5 9. Bb5+ Bd7 10.
Bxd7+ Nbxd7 11. Nge2 Qxc5 12. O-O O-O-O {1/2-1/2 Cech,P-Klima,L/Czechia 1999/
EXT 2000 (12)}) 9. Nf3 Nc6 10. Bd3 Bd7 11. O-O O-O-O 12. Bb5 Ne4 13. Bxc6 Bxc6
14. Nxe4 dxe4 15. Nd4 e5 {Black has obtained very good counterplay, Koneru,H 
(2618)-Lei,T (2232)/China 2013}) 7... Nc6 (7... Qb6 8. O-O-O Nc6 9. Nf3 Bg4 10.
Be2 O-O-O 11. a3 cxd4 12. exd4 Ne4 13. Qe3 Nxc3 14. Qxc3 Kb8 $11 {Davie,
A-Corden,M/Coventry 1970}) (7... cxd4 8. exd4 Nc6 9. Bb5 Bd7 10. Nf3 Qb6 11.
O-O O-O-O 12. Qe3 e6 13. a4 $14 {Sulava,N-Duda,R/Metz 2000}) 8. O-O-O Qa5 (8...
cxd4 9. exd4 Qd6 10. f3 a6 11. Nge2 Bd7 12. Kb1 Rc8 13. Nc1 Na5 14. Nb3 Nxb3
15. axb3 b5 16. Bd3 {Black is suffering without castling, Jobava,B (2713)-Van
Wely,L (2654)/Dubai 2014}) 9. dxc5 Qxc5 10. Nge2 Be6 11. Nd4 O-O-O 12. Be2 a6
13. h3 {with a slight advantage, Prins,L-Petrosian,T/Leipzig 1960/EXT 1999}) 6.
Bxg7 (6. f3 c5 7. Bxg7 Kxg7 8. e3 Nc6 9. O-O-O Be6 10. g4 Rc8 11. Nge2 b5 12.
Nxb5 Qb6 13. Nf4 c4 14. Nc3 Rb8 15. b3 cxb3 16. cxb3 Rfc8 17. Kb1 {The
compensation for the pawn is not sufficient, Fridman,D (2616)-Miton,K (2603)/
Poznan 2014}) 6... Kxg7 7. O-O-O (7. Nf3 Nbd7 (7... b6 8. O-O-O Bb7 9. h4 h5
10. Ne5 c5 11. e3 Nc6 12. Be2 Rh8 13. f4 e6 14. Kb1 Ne7 15. g4 hxg4 16. Nxg4
Nf5 17. Nxf6 Qxf6 18. h5 {with the initiative, Ponomariov,R (2744)
-Nepomniachtchi,I (2720)/Moscow 2010}) 8. g4 $6 (8. Qf4 $142 Nb6 9. e3) 8...
Nb6 9. Ne5 (9. g5 Ne4 10. Qf4 Nxc3 11. bxc3 Qd6) 9... Nxg4 10. Nxg4 Bxg4 11. f3
Be6 12. e3 c6 13. h4 Qd6 14. O-O-O h5 15. Bd3 Rh8 {White's attack can not be a
problem for Black. Richter,K-Gruenfeld,E/Berlin 1928/EXT 1999 (32)}) 7... c6 {
Диаграмма [#]} ({Very sharp attack is more in place here} 7... c5 8. dxc5 Qa5
9. Nxd5 Qxa2 10. Qc3 Qa1+ 11. Kd2 Qa4 12. f3 Be6 13. e4 Bxd5 14. exd5 Nbd7 15.
Nh3 Rac8 16. b3 Qh4 {This position is absolutely crazy, Cabrera,A (2523)
-Dvirnyy,D (2574)/Barbera del Valles ESP 2014}) ({Another try was} 7... Nc6 8.
e3 a6 9. Nge2 b5) 8. h4 ({A very logical line was} 8. Nf3 Nbd7 9. h4 Ne4 10.
Nxe4 dxe4 11. Ng5 Nf6 12. f3 exf3 13. exf3 Qd5 14. b3) 8... Qd6 9. f3 ({
There was an interesting pawn sac here} 9. e4 dxe4 10. h5 Bf5 11. hxg6 Bxg6 12.
Nge2) 9... Nh5 (9... b5 {was wrong:} 10. e4 b4 11. e5 bxc3 12. Qxc3 Qe6 13.
exf6+ Qxf6 14. h5) 10. e4 dxe4 (10... Qf4 {was better:} 11. exd5 Qxd2+ 12. Kxd2
Ng3 13. Rh2 Rd8 14. Bd3 cxd5 15. Nge2 Nxe2 16. Nxe2 Nc6) 11. g4 $6 ({It was
possible to keep a slight advantage in the endgame:} 11. Nxe4 Qf4 12. Ne2 Qxd2+
13. Rxd2) 11... Ng3 12. Nxe4 Nxe4 13. fxe4 Bxg4 14. Be2 Bxe2 15. Nxe2 h5 {
After forced exchanges the position offers White a clear attacking plan.} 16.
e5 Qd5 ({The position was very dangerous after} 16... Qe6 17. Kb1 Nd7 18. Nf4
Qf5 19. Rdf1) 17. Kb1 c5 {Black tries to obtain counterplay, but her
development is not sufficient.} 18. Nf4 $1 Qxd4 ({White had a very strong
initiative after} 18... Qc4 19. b3 Qb5 20. d5) 19. Nxh5+ $1 Kh7 20. Qg5 f6 21.
exf6 exf6 22. Qg2 Nc6 {Black decided to sacrifice the queen.} ({There was a
terrifying attack after} 22... Qb4 23. Rhe1 Nc6 24. Re4 Qb6 25. Rd7+) 23. Rxd4
cxd4 24. Rg1 Ne5 25. Qxb7+ Kh6 26. Qg7+ 1-0

[Event "Baku FIDE GP"]
[Site "Baku"]
[Date "2014.10.09"]
[Round "7"]
[White "Nakamura, Hikaru"]
[Black "Karjakin, Sergey"]
[Result "0-1"]
[WhiteElo "2764"]
[BlackElo "2767"]
[Annotator "Postny,E"]
[PlyCount "120"]
[EventDate "2014.10.02"]
[EventType "tourn"]
[EventRounds "11"]
[EventCountry "AZE"]
[EventCategory "21"]
[SourceTitle "CBM 163"]
[Source "ChessBase"]
[SourceDate "2014.11.11"]
[SourceVersion "1"]
[SourceVersionDate "2014.11.11"]
[SourceQuality "1"]

1. d4 Nf6 2. Nc3 d5 3. Bg5 Nbd7 4. Qd3 $6 {Weird stuff in my opinion, but
Nakamura has already played it before, and not without success.} ({If White is
looking for some creative play, then} 4. f3 {[%cal Ge2e4] is more promising.})
4... c5 (4... h6 5. Bh4 e6 (5... c5 {is more challenging.}) 6. e4 dxe4 7. Nxe4
Be7 8. Nxf6+ Bxf6 9. Bxf6 Nxf6 (9... Qxf6 10. Nf3 O-O 11. Qe3 c5 12. O-O-O cxd4
13. Rxd4 $14 {1-0 (52) Nakamura,H (2784)-Caruana,F (2774) Moscow 2013}) 10.
O-O-O O-O 11. Nf3 b6 12. Ne5 Bb7 13. Rg1 c5 14. dxc5 bxc5 15. Qxd8 Rfxd8 16.
Re1 Kf8 $11 {1/2-1/2 (49) Nakamura,H (2775)-Ponomariov,R (2742) Thessaloniki
2013}) 5. O-O-O {Castling to the queenside on move five, that's really rare!} (
5. e4 cxd4 6. Qxd4 (6. Bxf6 Nxf6 7. Qxd4 dxe4 8. Bb5+ Bd7 9. O-O-O Bxb5 10.
Nxb5 Qxd4 11. Rxd4 Rc8 12. Nxa7 e5 $1 13. Nxc8 exd4 $15) 6... e5 7. Qa4 d4 8.
Nd5 Be7 9. Bxf6 Bxf6 10. Qa3 Be7 11. Qxe7+ Qxe7 12. Nxe7 Kxe7 $15 {0-1 (47)
Karagiannis,A (2387)-Banikas,H (2548) Ermioni Argolidas 2005}) 5... c4 $1 {
To close the centre is a committal decision, but Karjakin knows what he is
doing.} 6. Qg3 Qa5 7. e4 b5 $1 {Boldly continuing the offensive on the
queenside. The threat of b5-b4 is very unpleasant.} 8. Kb1 (8. e5 b4 $1 9. exf6
gxf6 10. Nxd5 Qxd5 11. Be3 Nb6 $15) 8... dxe4 {Now Black can take, as the Pc4
is now protected.} (8... Nxe4 9. Nxe4 dxe4 10. f3 Bb7 11. d5 e3 12. d6 Qb6 13.
Qe1 e6 14. Bxe3 Qa6 15. Bf4 O-O-O 16. Nh3 h6 17. Qb4 Bd5 18. Bg3 Qc6 $15 {
1/2-1/2 (53) Zoll,D (2218)-Eilmes,D (2247) ICCF email 2011}) 9. Bxf6 gxf6 (9...
Nxf6 $6 10. Qe5 a6 11. Bxc4 {is a trick Black shouldn't overlook.}) 10. Nxe4
Bb7 11. Nc5 $5 (11. d5 f5 $15) (11. Qe3 {was more solid, but Nakamura went for
the more adventurous idea.}) 11... Nxc5 12. dxc5 Rc8 {Now White must develop
some initiative, as it's clear that he is going to lose the Pc5.} 13. Be2 Qc7 (
13... Rxc5 14. Bf3 (14. Qb8+ $2 {is not frightening.} Bc8 15. Bg4 e6 $17) 14...
Qc7 15. Bxb7 Qxb7 16. Nh3 $44 {It's not easy for Black to complete his
development, the king is stuck in the centre.}) 14. Qh3 Bg7 15. Bf3 Bxf3 16.
Nxf3 $2 (16. gxf3 $1 {was the only way to justify White's previous play. He is
in no position to worry about the structure, but must open the g-file.} O-O 17.
Ne2 Qxc5 18. Rdg1 Kh8 19. Rg4 Rfd8 20. Qg3 Bh6 21. Qh3 $11) 16... e6 17. Rhe1
O-O $17 18. Rd4 {Now it takes more time to bring the rook to the g-file.} Qxc5
19. Rg4 Rfd8 $6 (19... f5 $6 {would allow a nice practical chance:} 20. Rxg7+
$1 Kxg7 21. Ng5 Qxf2 (21... h6 $2 22. Qg3 $1 Kf6 23. Nh7+ Ke7 24. Qh4+ f6 25.
Nxf8 Rxf8 26. Qxh6 $44) (21... Rh8 $2 22. Qc3+ Kg8 23. Qf6 Qc7 24. Nxe6 $1 fxe6
25. Re3 $16) 22. Qxh7+ Kf6 23. Qh6+ Ke7 24. Rxe6+ Kd7 25. Rd6+ Kc7 {The king
escapes, but to calculate all this is quite a task!}) (19... h5 $1 {was the
most precise.} 20. Rd4 (20. Rh4 c3 21. Rxh5 Qb4 $19) 20... Rfd8 $19) 20. Qh6
Qf8 21. Qxf6 Kh8 22. Qf4 {White has got back the pawn, but is still in serious
trouble. The powerful bishop both protects the black king and attacks its
counterpart. The same can't be said about White's knight.} Rd5 (22... c3 23.
Qb4 Qxb4 24. Rxb4 cxb2 25. Rxb5 {with chances to survive.}) 23. Ng5 Rf5 24. Qe3
Rd8 (24... c3 {was called for, but Sergey is handling it very positionally.})
25. Rh4 Kg8 26. Rg4 (26. Nxh7 Qd6 {The knight can't cause any damage, while
Black's threats prevail.}) (26. Nf3 {would be the lesser evil, but still not
much of a hope for White.}) 26... h5 27. Re4 Qb4 28. c3 Bxc3 $1 {Winning a
pawn and forcing simplifications.} 29. Qxc3 Qxc3 30. bxc3 Rxg5 31. g3 Kg7 32.
Kc2 Rd3 33. f4 Rgd5 {Black has a pawn and domination.} 34. R1e2 Kf6 35. a4 a6
36. Rf2 Kf5 $6 (36... h4 {was a quicker way, ruining White's structure.}) 37.
Re5+ $1 {That's the best chance, though insufficient.} Rxe5 ({Why not} 37...
Kg4 {?}) 38. fxe5+ {Now Black has to go back with the king, which will make
the winning process way longer.} Kg6 39. a5 {This pawn will be White's last
hope.} Rd5 40. Re2 Kf5 41. Rf2+ Kg6 42. Re2 Rd3 43. Re4 $6 (43. Rf2 $1 {
would repeat the position after move 39 and force Karjakin to show some
technique.} Re3 44. Rd2 Kf5 45. Rd6 (45. Rf2+ Kxe5 46. Rxf7 Re2+ 47. Kb1 Ke4 {
[%cal Ge4d3]} 48. Rd7 Rxh2 49. Rd6 e5 50. Rxa6 Kd3 $19) 45... Ke4 ({I don't
see a clear win for Black after} 45... Re2+ $6 46. Kb1 Kxe5 47. Rxa6) 46. Rxa6
Re2+ 47. Kb1 Kd3 48. Rb6 b4 $1 49. Rxb4 Rxe5 50. Ra4 Kxc3 51. Ka2 $1 Kd3 52. a6
c3 53. a7 c2 54. a8=Q c1=Q 55. Qa6+ Ke3 $19) 43... Rf3 $19 44. Rd4 (44. Re2 Kf5
{Now White doesn't have the check from f2 anymore.} 45. Kb2 Rf1 46. Kc2 Kg4 47.
Re4+ Kf3 48. Rf4+ Kg2 49. Rh4 Rf5 50. g4 hxg4 51. Rxg4+ Kf3 $19) 44... Rf2+ 45.
Kb1 Rxh2 46. Rd6 Rg2 {Black is in time to capture most of White's remaining
pawns.} 47. Rxa6 Rxg3 48. Kb2 b4 $1 49. cxb4 Rb3+ 50. Ka2 Rxb4 51. Ka3 Rb5 52.
Ka4 (52. Ra8 c3 53. a6 c2 54. Rc8 Ra5+ $19) 52... Rc5 $1 53. Rb6 c3 54. Rb1 c2
55. Rc1 h4 56. a6 {The race is in full swing, but Black is two pawns up!} h3
57. a7 Rc8 58. Kb5 (58. Rxc2 Rxc2 59. a8=Q Ra2+ $19) 58... h2 59. Kb6 (59. Rxc2
h1=Q 60. Rxc8 Qb7+ $19) 59... Rh8 60. Rh1 Kf5 (60... Kf5 61. Kb7 Kxe5 62. a8=Q
Rxa8 63. Kxa8 Kd4 $19) 0-1